Sports Quiz

Random Sports or NBA Quiz

Top 100 NBA players in PPG 16-17 Quiz Stats

Quiz not verified by Sporcle

Challenge
Share
Tweet
Embed
Score 0/100 Timer 15:00
0 Plays Today
team player % Correct
Oklahoma City ThunderRussell Westbrook
100%
Houston RocketsJames Harden
100%
Boston CelticsIsaiah Thomas
100%
New Orleans PelicansAnthony Davis
100%
Toronto RaptorsDemar Derozan
98.2%
Sacramento Kings/New Orleans PelicansDemarcus Cousins
97.4%
Minnesota TimberwolvesKarl-Anthony Towns
96.5%
Cleveland CavaliersLebron James
96.5%
Golden State WarriorsStephen Curry
96.5%
Cleveland CavaliersKyrie Irving
96.5%
Golden State WarriorsKevin Durant
95.6%
Chicago BullsJimmy Butler
95.6%
Charlotte HornetsKemba Walker
95.6%
Washington WizardsJohn Wall
95.6%
Washington WizardsBradley Beal
95.6%
Toronto RaptorsKyle Lowry
95.6%
Golden State WarriorsKlay Thompson
95.6%
Phoenix SunsDevin Booker
95.6%
San Antonio SpursKawaii Leonard
94.7%
Indiana PacersPaul George
94.7%
LA ClippersBlake Griffin
94.7%
Cleveland CavaliersKevin Love
94.7%
Dallas MavericksSeth Curry
94.7%
Portland TrailblazersC.J. McCollum
93.9%
New York KnicksCarmelo Anthony
93.9%
Utah JazzGordon Hayward
93%
Brooklyn NetsBrook Lopez
93%
Minnesota TimberwolvesAndrew Wiggins
92.1%
Memphis GrizzliesMarc Gasol
91.2%
New York KnicksKristaps Porzingis
91.2%
Atlanta HawksPaul Millsap
91.2%
Phoenix SunsEric Bledsoe
90.4%
LA ClippersChris Paul
90.4%
San Antonio SpursPau Gasol
90.4%
team player % Correct
Denver nuggetsNikola Jokic
89.5%
Miami HeatGoran Dragic
88.6%
San Antonio SpursLamarcus Aldridge
87.7%
Chicago BullsDwyane Wade
86.8%
Milwaukee BucksGiannis Antetokounmpo
86%
LA Lakers/Houston RocketsLou Williams
85.1%
Charlotte HornetsMarvin Williams
84.2%
Memphis GrizzliesMike Conley
83.3%
Houston RocketsEric Gordon
82.5%
Orlando MagicAaron Gordon
82.5%
Atlanta HawksDennis Schroder
81.6%
Miami HeatHassan Whiteside
80.7%
Oklahoma City ThunderVictor Oladipo
79.8%
LA LakersDangelo Russell
79.8%
Orlando Magic/Toronto RaptorsSerge Ibaka
79.8%
Detroit PistonsAndre Drummond
78.1%
Oklahoma City ThunderSteven Adams
78.1%
New York KnicksDerrick Rose
77.2%
LA ClippersDeandre Jordan
77.2%
Dallas MavericksHarrison Barnes
76.3%
Detroit PistonsTobias Harris
76.3%
Atlanta HawksDwight Howard
76.3%
Denver NuggetsDanilo Gallinari
75.4%
Boston CelticsAl Horford
75.4%
Portland TrailblazersDamian Lillard
73.7%
Indiana PacersMyles Turner
72.8%
Utah JazzRudy Gobert
71.9%
Indiana PacersJeff Teague
70.2%
LA ClippersJJ Redick
69.3%
Oklahoma City ThunderEnes Kanter
68.4%
Orlando MagicNikola Vucevic
64%
Miami HeatTyler Johnson
64%
Miami HeatJames Johnson
64%
LA LakersJulius Randle
63.2%
team player % Correct
Memphis GrizzliesZach Randolph
62.3%
Orlando MagicEvan Fournier
61.4%
Denver NuggetsWilson Chandler
59.6%
Orlando MagicElfrid Payton
58.8%
Charlotte HornetsNicolas Batum
57.9%
LA LakersJordan Clarkson
57.9%
Detroit PistonsMarcus Morris
57.9%
Washington WizardsMarkieff Morris
57%
Houston RocketsTrevor Ariza
57%
Houston RocketsRyan Anderson
56.1%
Houston RocketsClint Capela
54.4%
Detroit PistonsKentavious Caldwell-Pope
51.8%
New Orleans PelicansJrue Holiday
49.1%
LA LakersNick Young
48.2%
LA ClippersJamal Crawford
48.2%
Utah JazzRodney Hood
46.5%
Boston CelticsJae Crowder
45.6%
Philadelphia 76ersDario Saric
43%
Philadelphia 76ersRobert Covington
39.5%
Toronto RaptorsJonas Valanciunas
39.5%
Phoenix SunsTJ Warren
37.7%
Sacramento KiingsDarren Collison
36%
Milwaukee BucksGreg Monroe
34.2%
Denver NuggetsWill Barton
33.3%
LA ClippersAustin Rivers
33.3%
Dallas MavericksWesley Matthews
30.7%
Washinton WizardsBojan Bogdanovic
28.9%
Washington WizardsOtto Porter Jr
28.9%
Brooklyn NetsSean Kilpatrick
21.1%
Atlanta HawksTim Hardaway Jr
20.2%
Atlanta HawksErsan Ilyasova
18.4%
Charlotte HornetsFrank Kaminsky
17.5%

You're not logged in!

Compare scores with friends on all Sporcle quizzes.
Join for Free
OR
Log In

You Might Also Like...

Show Comments

Extras

Top Quizzes Today


Score Distribution

Your Account Isn't Verified!

In order to create a playlist on Sporcle, you need to verify the email address you used during registration. Go to your Sporcle Settings to finish the process.

Report this User

Report this user for behavior that violates our Community Guidelines.

Details: